UM Logo

Electronic circuits and applications / (Record no. 19616)

MARC details
000 -LEADER
fixed length control field 00497nam a22001577a 4500
008 - FIXED-LENGTH DATA ELEMENTS--GENERAL INFORMATION
fixed length control field 240312b ||||| |||| 00| 0 eng d
020 ## - INTERNATIONAL STANDARD BOOK NUMBER
International Standard Book Number 9780070663107
082 ## - DEWEY DECIMAL CLASSIFICATION NUMBER
Classification number DC 62138153
Item number G89 1982
100 ## - MAIN ENTRY--PERSONAL NAME
Personal name Grob, Bernard.
9 (RLIN) 23314
245 ## - TITLE STATEMENT
Title Electronic circuits and applications /
Statement of responsibility, etc. Bernard Grob.
260 ## - PUBLICATION, DISTRIBUTION, ETC. (IMPRINT)
Place of publication, distribution, etc. New York :
Name of publisher, distributor, etc. McGraw-Hill, Inc.,
Date of publication, distribution, etc. ©1982.
300 ## - PHYSICAL DESCRIPTION
Extent ix, 468 pages :
Other physical details illustrations ;
Dimensions 23 cm.
500 ## - GENERAL NOTE
General note Includes index.
650 ## - SUBJECT ADDED ENTRY--TOPICAL TERM
Topical term or geographic name as entry element Electronic circuits.
9 (RLIN) 11813
942 ## - ADDED ENTRY ELEMENTS (KOHA)
Source of classification or shelving scheme Dewey Decimal Classification
Koha item type Circulation
Holdings
Withdrawn status Lost status Source of classification or shelving scheme Damaged status Not for loan Collection code Home library Current library Date acquired Source of acquisition Total Checkouts Full call number Barcode Date last seen Copy number Price effective from Koha item type
    Dewey Decimal Classification     Circulation UM Digos College - LIC UM Digos College - LIC 07/15/1998 Purchased   DC 621.38153 G89 1982 12731 05/15/2025 1 03/12/2024 Circulation
    Dewey Decimal Classification     Circulation UM Digos College - LIC UM Digos College - LIC 07/15/1998 Purchased   DC 621.38153 G89 1982 12732 05/15/2025 2 03/12/2024 Circulation